|
|
|
|
| LEADER |
00000cam a2200000 a 4500 |
| 001 |
vtls008312780 |
| 003 |
SK-MaSNL |
| 005 |
20260301041154.0 |
| 008 |
230501s1974 xo grn 000 0bslo |
| 015 |
|
|
|a SNBA1975/01-00222
|
| 020 |
|
|
|q (brožované)
|
| 035 |
|
|
|a SK01SNK19750004997
|
| 035 |
|
|
|a 7BF95E15-AFFC-46BE-9BE0-F798E22E9729
|
| 035 |
|
|
|a urn:nbn:sk:snk-am00idiz
|
| 035 |
|
|
|a SKM000007460
|
| 040 |
|
|
|a SNK
|b slo
|c SNK
|e AACR2
|
| 041 |
0 |
|
|a slo
|b rus
|
| 043 |
|
|
|a e-xo---
|
| 044 |
|
|
|a xo
|c SK
|
| 072 |
|
7 |
|a 929
|x Biografie
|2 konspekt
|
| 080 |
|
|
|a 885.4:929
|2 1981
|
| 080 |
|
|
|a 929 Hlaváček, Michal
|2 1981
|
| 080 |
|
|
|a (437.6)
|2 2011
|
| 080 |
|
|
|a 37.011.3-051
|2 2011
|
| 080 |
|
|
|a 929-058.1
|2 2011
|
| 080 |
|
|
|a 929(092)
|2 2011
|
| 080 |
|
|
|a 82-027.22
|2 2011
|
| 080 |
|
|
|a (048.8)
|2 2011
|
| 100 |
1 |
|
|a Hleba, Edmund,
|d 1926-2011
|4 aut
|9 169917
|
| 245 |
1 |
0 |
|a Michal Hlaváček a levočské literárne tradície
|c Edmund Hleba
|
| 260 |
|
|
|a Bratislava
|b Slovenské pedagogické nakladateľstvo
|a Prešov
|b Filozofická fakulta Univerzity P. J. Šafárika
|c 1974
|
| 300 |
|
|
|a 86 strán
|c 8°
|
| 366 |
|
|
|e 524 výtl.
|
| 490 |
1 |
|
|a Acta Facultatis philosophicae Universitatis Šafarikanae. Monographia
|v 7
|
| 500 |
|
|
|a Obsahuje poznámky
|
| 500 |
|
|
|a Vydala Filozofická fakulta, Prešov
|
| 504 |
|
|
|a Obsahuje bibliografické odkazy a menný register
|
| 546 |
|
|
|a Ruské resumé
|
| 600 |
1 |
7 |
|a Hlaváček, Michal,
|d 1803-1885
|2 SNKMA
|9 93472
|
| 650 |
0 |
7 |
|a pedagógovia
|2 SNKPH
|9 18561
|
| 650 |
0 |
7 |
|a osobnosti
|2 SNKPH
|9 29820
|
| 650 |
0 |
7 |
|a literárny život
|2 SNKPH
|9 3769
|
| 651 |
|
7 |
|a Levoča (Slovensko)
|2 SNKPHgeo
|9 26696
|
| 655 |
|
7 |
|a biografie
|2 SNKPH
|9 27965
|
| 655 |
|
7 |
|a monografie
|2 SNKPH
|9 70139
|
| 710 |
2 |
|
|a Univerzita Pavla Jozefa Šafárika v Košiciach.
|b Filozofická fakulta
|4 pbl
|9 195597
|
| 830 |
|
0 |
|a Acta Facultatis philosophicae Universitatis Šafarikanae
|p Monographia
|9 342505
|
| 852 |
|
|
|a Slovenská národná knižnica
|
| 954 |
|
|
|a odborná, vedecká literatúra pôvodná (slovenská)
|2 lita
|
| 958 |
|
|
|a TL
|
| 958 |
|
|
|a RK
|
| 958 |
|
|
|a BX
|
| 958 |
|
|
|a NB
|
| 958 |
|
|
|a OND
|
| 958 |
|
|
|a EUIPO
|
| 999 |
|
|
|c 587771
|d 589701
|
| 952 |
|
|
|a SNK
|b SNK
|y PREZ
|7 0
|p 17A0969065
|o snkSC 35517
|i snkKSP 1246/75
|0 0
|1 0
|4 0
|d 2012-10-23
|f 1
|l 0
|r 2025-10-03 00:00:00
|w 2026-02-23
|
| 952 |
|
|
|a SNK
|b SNK
|y VYP
|7 0
|p 17A0019270
|o snkSC 35517 D1
|0 0
|1 0
|4 0
|d 1996-11-08
|l 0
|r 2005-01-01 00:00:00
|w 2026-02-23
|